000 01255cam a22003134a 4500
005 20260322212051.0
008 data
010 _a 2007281324
020 _a9780060565558
020 _a0060565551
040 _aDOV
_cDOV
_dDLC
_dBTCTA
_dYDXCP
_dWIQ
_dLMR
_dSLU
_dDLC
042 _apcc
043 _an-us---
050 0 0 _aKF8745.T48
_bA3 2007
100 1 _aThomas, Clarence,
_d1948-
245 1 0 _aMy grandfather's son :
_ba memoir /
_cClarence Thomas.
250 _a1st ed.
260 _aNew York :
_bHarper,
_cc2007.
300 _axii, 289 p., [16] p. of plates :
_bill. ;
_c24 cm.
520 _aThe Supreme Court justice recounts his life story, from his impoverished childhood in Jim Crow-era Georgia and his struggles to acquire an education, to his publicly contested confirmation to the nation's highest court.
600 1 0 _aThomas, Clarence,
_d1948-
600 1 7 _aThomas, Clarence,
_d1948-
_2sears
610 1 0 _aUnited States.
_bSupreme Court
_xOfficials and employees
_vBiography.
610 1 7 _aUnited States.
_bSupreme Court
_xOfficials and employees
_vBiography.
_2sears
650 0 _aAfrican American judges
_vBiography.
650 7 _aJudges
_zUnited States
_vBiography.
_2sears
650 7 _aAfrican American judges
_vBiography.
_2sears
001 data
999 _c1211
_d1211